Developing and maintaining practical archives (Record no. 139527)

MARC details
000 -LEADER
fixed length control field 00912nam a2200277Ia 4500
003 - CONTROL NUMBER IDENTIFIER
control field OSt
005 - DATE AND TIME OF LATEST TRANSACTION
control field 20220918171428.0
008 - FIXED-LENGTH DATA ELEMENTS--GENERAL INFORMATION
fixed length control field 220917b |||||||| |||| 00| 0 eng d
020 ## - INTERNATIONAL STANDARD BOOK NUMBER
International Standard Book Number 9781783300464 (pbk)
037 ## - SOURCE OF ACQUISITION
Terms of availability Textual
040 ## - CATALOGING SOURCE
Original cataloging agency ARTS
Transcribing agency ARTS
Language of cataloging eng
041 ## - LANGUAGE CODE
Source of code eng
Language code of text/sound track or separate title eng
100 ## - MAIN ENTRY--PERSONAL NAME
Personal name Hunter Gregory S. Au.
9 (RLIN) 36507
245 #0 - TITLE STATEMENT
Title Developing and maintaining practical archives
Remainder of title how to do it manual
250 ## - EDITION STATEMENT
Edition statement 3rd
260 ## - PUBLICATION, DISTRIBUTION, ETC.
Place of publication, distribution, etc. London
Name of publisher, distributor, etc. Facet Publishing UK
Date of publication, distribution, etc. 2020
300 ## - PHYSICAL DESCRIPTION
Extent xvi,302p.
Dimensions cm.
490 ## - SERIES STATEMENT
Series statement Fact books for archivists and records managers
650 ## - SUBJECT ADDED ENTRY--TOPICAL TERM
Topical term or geographic name entry element LIBRARY SCIENCE
942 ## - ADDED ENTRY ELEMENTS (KOHA)
Classification part 2:(D65,8(B)):88, Q0(2D)
Koha item type Textual
Source of classification or shelving scheme Colon Classification (CC)
Holdings
Withdrawn status Lost status Damaged status Not for loan Home library Current library Date acquired Source of acquisition Total Checkouts Full call number Barcode Date last seen Price effective from Koha item type
        Arts Library Arts Library 2022-09-18 166, 29/12/2021, Mallika Books   2:(D65,8(B)):88 Q0(2D) AL1666325 2022-09-18 2022-09-18 Textual
Copyright @ Delhi University Library System